000 00732nam a2200289Ia 4500
005 20260324113112.0
008 008 260324s9999 xx 000 0 eng d
020 _a9781003456599
037 _aEBOOK
040 _aCRL
040 _beng
040 _cCRL
041 _2eng
041 _aeng
084 _qCRL
100 _aBrian Vincent Ikejiaku
_91145425
245 4 _aThe Capability Approach and the Sustainable Development Goals
245 0 _bInter/Multi/Trans Disciplinary Perspectives
260 _bTaylor and Francis
260 _c2024
365 _a
365 _b230
856 _uhttp://www.taylorfrancis.com/books/9781003456599
942 _cEBOOK
999 _c1734905
_d1734905